000 00541nam a22002297a 4500
003 UA-OsUOA
001 30151
007 ta
008 20041105b un ||||| |||| 00| 0 ukr d
090 _a913(267335)
_bС91
942 _cBK
040 _aUA-OsUOA
_brus
_cUA-OsUOA
_dUA-OsUOA
245 _aСуэцкий канал
_bСборник документов
300 _a145 с.
955 _a0
041 _arus
080 _a913(267335)
260 _aМосква
_bИМО
_c1957
044 _aRU
650 7 _2UDC
999 _c316558
_d316558